000
00212 a2200097 4500
001
14892
100
_a
Toynbee A
245
_a
A study of history
260
_a
London
_b
Oxford Univ press
_c
090
_c
11661
_d
11661
942
_a
NUST-CAE
_c
M
_c
1849
999
_c
249965
_d
249965